000 00350nam a2200133Ia 4500
008 100328s9999 xx 000 0 und d
082 _b140
100 _aDuman Alexandre
245 _aThe Forty-Five Guardsmen
260 _bCollins Clear-Type Press
630 _aThe Forty-Five Guardsmen
730 _aThe Forty-Five Guardsmen
942 _cBOOK
999 _c496524
_d496521